Farmacopedia y tabla general de las materias contenidas en la medicina domestica del celebre Buchan, M. D. del real colegio Medico de Edimburgo (Record no. 8733)

MARC details
000 -CABECERA
campo de control de longitud fija 01256nam a2200217 a 4500
001 - NÚMERO DE CONTROL
campo de control BRCA_9083
005 - FECHA Y HORA DE LA ÚLTIMA TRANSACCIÓN
campo de control 20190320210521.0
008 - DATOS DE LONGITUD FIJA--INFORMACIÓN GENERAL
campo de control de longitud fija 110917s1792----sp-#######---#000-0#spa-#
041 ## - CÓDIGO DE LENGUA
Código de lengua del texto/banda sonora o título independiente spa
044 ## - CÓDIGO DEL PAÍS DE LA ENTIDAD EDITORA/PRODUCTORA
Código MARC del país sp
084 ## - OTRO NÚMERO DE CLASIFICACIÓN
Número de clasificación BE66
Número de documento/Ítem .B83 1792
100 1# - ENTRADA PRINCIPAL--NOMBRE DE PERSONA
Nombre de persona Buchan, Guillermo
9 (RLIN) 22255
245 10 - MENCIÓN DE TÍTULO
Título Farmacopedia y tabla general de las materias contenidas en la medicina domestica del celebre Buchan, M. D. del real colegio Medico de Edimburgo
Resto del título con la explicación de los términos temnicos o facultativos usados en ella, y la descripción y preparación de los remedios compuestos que van mencionados, con otra característica de todas las plantas y medicinas simples: recetas de la Farmacopeas de Londres y Edimburgo, y otras de igual naturaleza, á que se agrega un especial tratado de aguas minerales con su análisis : observaciones sobre la dosis, usos y modos de aplicarlos en las diferentes preparaciones; todo por orden alfabético: tomo v.
260 ## - PUBLICACIÓN, DISTRIBUCIÓN, ETC.
Lugar de publicación, distribución, etc. Madrid
Nombre del editor, distribuidor, etc. En la Imprenta Real
Fecha de publicación, distribución, etc. 1792
300 ## - DESCRIPCIÓN FÍSICA
Extensión 419 p. (t.5)
Dimensiones 22.3 x 16 cm
500 ## - NOTA GENERAL
Nota general Con licencia
500 ## - NOTA GENERAL
Nota general Estado físico: presenta encuadernación en pergamino con cintas rotas
650 14 - PUNTO DE ACCESO ADICIONAL DE MATERIA--TÉRMINO DE MATERIA
Término de materia o nombre geográfico como elemento de entrada Medicina preventiva
Subdivisión cronológica Obras anteriores a 1800
9 (RLIN) 22450
902 ## - CATALOGADOR
Iniciales CFM
942 ## - ELEMENTOS DE PUNTO DE ACCESO ADICIONAL (KOHA)
Fuente del sistema de clasificación o colocación Library of Congress Classification
Tipo de ítem Koha Libros
Holdings
Estado de retiro Estado de pérdida Estado dañado No para préstamo Localización permanente Ubicación/localización actual Fecha de adquisición Total de préstamos Signatura topográfica completa Código de barras Fecha visto por última vez Precio válido a partir de Tipo de ítem Koha
El ejemplar forma parte de la colección y puede ser consultado según las políticas vigentes.       Biblioteca del Museo Franz Mayer (Rogerio Casas-Alatriste) Biblioteca del Museo Franz Mayer (Rogerio Casas-Alatriste) 11/09/2017   BE66 .B83 1792 CFM00439 22/03/2019 22/03/2019 Libros